James Bond villains - Statistics

General Stats
  • This quiz has been taken 118 times
  • The average score is 38 of 82
Answer Stats
Film Answer Actor % Correct
Goldfinger Auric Goldfinger Gert Frobe
94%
You Only Live Twice Blofeld Donald Pleasence
94%
On Her Majesty's Secret Service Blofeld Telly Savalas
94%
Diamonds Are Forever Blofeld Charles Gray
94%
Spectre Blofeld Christoph Waltz
94%
No Time To Die Blofeld Christoph Waltz
94%
Dr No Dr No Joseph Wiseman
92%
The Spy Who Loved Me Jaws Richard Kiel
89%
Moonraker Jaws Richard Kiel
89%
Goldfinger Oddjob Harold Sakata
85%
The Man With The Golden Gun Francisco Scaramanga Christopher Lee
83%
Casino Royale Valenka Le Ivana Milicevic
82%
Live and Let Die Dr Kanaga / Mr Big Yaphet Kotto
77%
Casino Royale Le Chiffre Mads Mikkelsen
77%
Thunderball Emilio Largo Adolfo Celi
76%
Moonraker Hugo Drax Michael Lonsdale
73%
From Russia With Love Rosa Klebb Lotte Lenya
73%
The Spy Who Loved Me Karl Stromberg Curt Jurgens
71%
The Man With The Golden Gun Nick Nack Herve Villechaize
71%
Licence To Kill Franz Sanchez Robert Davi
68%
A View To A Kill Max Zorin Christopher Walken
68%
Diamonds Are Forever Mr Kidd Putter Smith
68%
Quantum Of Solace Dominic Greene Mathieu Amalric
67%
Octopussy Kamal Khan Louis Jourdan
67%
The World Is Not Enough Renard Robert Carlyle
64%
A View To A Kill May Day Grace Jones
62%
Diamonds Are Forever Mr Wint Bruce Glover
62%
Tomorrow Never Dies Elliot Carver Jonathan Pryce
61%
GoldenEye Alec Trevelyan Sean Bean
59%
The Living Daylights Brad Whitaker Joe Don Baker
59%
Skyfall Raoul Silva Javier Bardem
59%
For Your Eyes Only Aristotle Kristatos Julian Glover
58%
From Russia With Love Red Grant Robert Shaw
58%
GoldenEye Xenia Onatopp Famke Janssen
58%
The World Is Not Enough Elektra King Sophie Marceau
56%
Spectre Mr White Jesper Christensen
56%
Die Another Day Gustav Graves Toby Stephens
55%
Live and Let Die Baron Samedi Geoffrey Holder
53%
Live and Let Die Tee Hee Julius Harris
52%
Dr No Professor Dent Anthony Dawson
50%
No Time To Die Safin Remi Malek
45%
Licence To Kill Dario Benicio Del Toro
42%
On Her Majesty's Secret Service Irma Bunt Ilse Steppat
39%
Tomorrow Never Dies Richard Stamper Gotz Otto
39%
Live and Let Die Whisper Earl Jolly Brown
39%
The Living Daylights General Georgi Koskov Jeroen Krabbe
38%
Octopussy General Orlov Steven Berkoff
38%
You Only Live Twice Helga Brandt Karin Dor
35%
You Only Live Twice Mr Osato Teru Shimada
35%
Thunderball Fiona Volpe Luciana Paluzzi
33%
Octopussy Gobinda Kabir Bedi
33%
Thunderball Vargas Philip Locke
33%
Die Another Day Tang Ling Zao Rick Yune
32%
GoldenEye Boris Grishenko Alan Cumming
29%
Spectre Mr Hinx Dave Bautista
29%
The Spy Who Loved Me Naomi Caroline Munro
29%
The Living Daylights Necros Andreas Wisniewski
27%
For Your Eyes Only Emile Leopold Locque Michael Gothard
26%
Dr No Miss Taro Zena Marshall
26%
Moonraker Chang Toshiro Suga
24%
Licence To Kill Milton Krest Anthony Zerbe
24%
Thunderball Count Lippe Guy Doleman
23%
Skyfall Severine Berenice Marlohe
21%
GoldenEye General Arkady Griorovich Ourumov Gottfried John
17%
Skyfall Patrice Ola Rapace
17%
Diamonds Are Forever Peter Franks Joe Robinson
17%
Spectre C (Max Denbigh) Andrew Scott
15%
Tomorrow Never Dies Henry Gupta Ricky Jay
15%
Casino Royale Alex Dimitrios Simon Abkarian
14%
Octopussy Mischka & Grischka David and Anthony Meyer
14%
Casino Royale Mollaka Sebastien Foucan
14%
Quantum Of Solace Elvis Anatole Taubman
11%
Octopussy Magda Kristina Wayborn
11%
The Spy Who Loved Me Sandor Milton Reid
11%
A View To A Kill Scarpine Patrick Bauchau
11%
On Her Majesty's Secret Service Grunther Yuri Borienko
9%
Spectre Marco Sciarra Alessandro Cremona
9%
Casino Royale Carlos Claudio Santamaria
8%
Quantum Of Solace General Medrano Joaquin Cosio
8%
The World Is Not Enough Gabor John Seru
6%
No Time To Die Primo Dali Benssalah
3%
For Your Eyes Only Erich Kiregler John Wyman
0%
No matching quizzes found
Score Distribution
Percent of People with Each Score
Percentile by Number Answered
Your Score History
You have not taken this quiz